[Event "Medellin Sub zt 2.3.2"]
[Site "Medellin"]
[Date "2025.04.18"]
[Round "8"]
[White "Torres Cueto, Jesus Marcial"]
[Black "Mendez Ramirez, Victor"]
[Result "1/2-1/2"]
[WhiteElo "2180"]
[BlackElo "2212"]
[PlyCount "63"]
[EventDate "2025.04.14"]
[EventType "swiss"]
[EventRounds "9"]
[EventCountry "COL"]
[SourceTitle "CB18_2025"]
[SourceDate "2025.04.30"]
[SourceVersion "1"]
[SourceVersionDate "2025.04.30"]
[SourceQuality "1"]

1. e4 c5 2. Nf3 e6 3. c3 Nf6 4. e5 Nd5 5. d4 cxd4 6. Bc4 Nb6 7. Bb3 d6 8. cxd4 dxe5 9. Nxe5 Nc6 10. Nxc6 bxc6 11. 0-0 Be7 12. Nc3 0-0 13. Ne4 Nd5 14. Bd2 f5 15. Nc3 Bf6 16. Ne2 Ba6 17. Re1 Qd6 18. Rc1 Rfe8 19. Ba5 Rac8 20. Ng3 g6 21. Ne2 Kg7 22. g3 Bxe2 23. Rxe2 Nc7 24. Bc3 Nb5 25. Qe1 Nxd4 26. Bxd4 Bxd4 27. Rxe6 Rxe6 28. Qxe6 Qxe6 29. Bxe6 Rb8 30. b3 c5 31. Bc4 Re8 32. Kg2 1/2-1/2

[Event "Medellin Sub zt 2.3.2"]
[Site "Medellin"]
[Date "2025.04.14"]
[Round "2"]
[White "Loaiza Cuervo, Santiago"]
[Black "Mendez Ramirez, Victor"]
[Result "1/2-1/2"]
[WhiteElo "1985"]
[BlackElo "2212"]
[PlyCount "106"]
[EventDate "2025.04.14"]
[EventType "swiss"]
[EventRounds "9"]
[EventCountry "COL"]
[SourceTitle "CB18_2025"]
[SourceDate "2025.04.30"]
[SourceVersion "1"]
[SourceVersionDate "2025.04.30"]
[SourceQuality "1"]

1. e4 c5 2. Nf3 e6 3. d4 cxd4 4. Nxd4 Nc6 5. Nc3 Qc7 6. Qd3 a6 7. Nxc6 Qxc6 8. Qg3 b5 9. Bd3 b4 10. Ne2 Nf6 11. Nd4 Qd6 12. Qxd6 Bxd6 13. a3 bxa3 14. b3 Be5 15. c3 Bb7 16. f3 d5 17. exd5 Nxd5 18. Bd2 0-0 19. Rxa3 Rfd8 20. 0-0 Nxc3 21. Bxc3 Bxd4+ 22. Bxd4 Rxd4 23. Bc4 Kf8 24. Rfa1 Rd6 25. b4 Rd4 26. Bxa6 Rxa6 27. Rxa6 Bxa6 28. Rxa6 Rxb4 29. Ra7 Rb2 30. h3 g6 31. Kh2 Kg7 32. h4 h6 33. Kg3 Kf6 34. Kh3 Rd2 35. Rb7 e5 36. Rb6+ Ke7 37. h5 Rd6 38. Rb5 Kf6 39. hxg6 fxg6 40. g4 Rd3 41. Kg2 h5 42. gxh5 Rd2+ 43. Kf1 gxh5 44. f4 exf4 45. Rxh5 Kg6 46. Ra5 Rh2 47. Rb5 Kf6 48. Ra5 Ke6 49. Rb5 Rd2 50. Ra5 Rd5 51. Rxd5 Kxd5 52. Kf2 Kd4 53. Kf3 Ke5 1/2-1/2

[Event "Medellin Sub zt 2.3.2"]
[Site "Medellin"]
[Date "2025.04.14"]
[Round "1"]
[White "Mendez Ramirez, Victor"]
[Black "Pilonieta Forero, Andres Felipe"]
[Result "1-0"]
[WhiteElo "2212"]
[BlackElo "1874"]
[PlyCount "59"]
[EventDate "2025.04.14"]
[EventType "swiss"]
[EventRounds "9"]
[EventCountry "COL"]
[SourceTitle "CB18_2025"]
[SourceDate "2025.04.30"]
[SourceVersion "1"]
[SourceVersionDate "2025.04.30"]
[SourceQuality "1"]

1. d4 d5 2. Nf3 Nf6 3. c4 dxc4 4. Nc3 a6 5. e4 b5 6. e5 Nd5 7. a4 Nxc3 8. bxc3 Bb7 9. e6 Qd5 10. exf7+ Qxf7 11. Be2 Nd7 12. Ng5 Qf6 13. Bg4 Bd5 14. axb5 h6 15. Bf3 Nb6 16. Bxd5 Nxd5 17. Ne4 Qh4 18. Qf3 e6 19. 0-0 Be7 20. g3 Qh3 21. Re1 Rf8 22. Qe2 Nb6 23. Rxa6 Kd7 24. Be3 Rxa6 25. bxa6 Qf5 26. Nc5+ Bxc5 27. dxc5 Nd5 28. Bd4 Nf6 29. a7 Qd5 30. Bxf6 1-0

[Event "Olympiad-45"]
[Site "Budapest"]
[Date "2024.09.16"]
[Round "6.53"]
[White "Abdul Khaliq, Wais"]
[Black "Mendez Ramirez, Victor"]
[Result "1-0"]
[WhiteElo "1968"]
[BlackElo "2191"]
[PlyCount "87"]
[EventDate "2024.09.11"]
[EventType "team-swiss"]
[EventRounds "11"]
[EventCountry "HUN"]
[SourceTitle "EXT 2025"]
[Source "ChessBase"]
[SourceDate "2024.10.14"]
[SourceVersion "1"]
[SourceVersionDate "2024.10.14"]
[SourceQuality "1"]
[WhiteTeam "Afghanistan"]
[BlackTeam "Dominican Republic"]
[WhiteTeamCountry "AFG"]
[BlackTeamCountry "DOM"]

1. d4 Nf6 2. c4 b6 3. Nc3 Bb7 4. Bg5 e6 5. e3 Bb4 6. Nge2 h6 7. Bh4 g5 8. Bg3 Ne4 9. Qb3 Nxg3 10. hxg3 Bf8 11. g4 d6 12. Ng3 Nd7 13. f3 Qe7 14. Qa4 a6 15. Bd3 0-0-0 16. b4 c5 17. Be4 d5 18. cxd5 cxd4 19. dxe6 dxc3 20. exd7+ Kb8 21. a3 Qd6 22. Kf2 Qd2+ 23. Ne2 Bxe4 24. Rhd1 Qc2 25. Qxa6 Bb7 26. Qxb6 Be7 27. Rac1 Qg6 28. Qa5 Bd6 29. Nxc3 Bc7 30. Qa4 Qe6 31. Ne4 Qa6 32. Qc2 Bb6 33. Nc5 Qb5 34. a4 Qc6 35. Na6+ Ka7 36. Qxc6 Bxc6 37. Rxc6 Kb7 38. b5 Ra8 39. Rdd6 Ba5 40. Nc5+ Kb8 41. b6 Rd8 42. Rc8+ Rxc8 43. dxc8Q+ Kxc8 44. b7+ 1-0

[Event "Medellin Flores op 30th"]
[Site "Medellin"]
[Date "2023.08.05"]
[Round "5"]
[White "Toro Castaneda, Miguel Angel"]
[Black "Mendez Ramirez, Victor"]
[Result "1-0"]
[WhiteElo "1949"]
[BlackElo "2162"]
[PlyCount "61"]
[EventDate "2023.08.03"]
[EventType "swiss"]
[EventRounds "9"]
[EventCountry "COL"]
[SourceTitle "CBM 215 Extra"]
[Source "ChessBase"]
[SourceDate "2023.09.30"]
[SourceVersion "1"]
[SourceVersionDate "2023.09.30"]
[SourceQuality "1"]

1. e4 e6 2. d3 d5 3. Nd2 Nf6 4. Ngf3 Bc5 5. e5 Nfd7 6. d4 Be7 7. Bd3 c5 8. c3 Nc6 9. 0-0 g5 10. dxc5 Ndxe5 11. Nxe5 Nxe5 12. Nb3 Nxd3 13. Qxd3 e5 14. Re1 f6 15. Qe2 Kf7 16. Be3 Qc7 17. Rad1 Be6 18. f4 gxf4 19. Qh5+ Kg8 20. Bxf4 Qd7 21. Bh6 Bf7 22. Qf3 Rd8 23. h4 Bg6 24. h5 Bf5 25. Qg3+ Bg4 26. Re4 f5 27. Rxg4+ fxg4 28. Qxe5 Bf8 29. Qg5+ Kf7 30. Rf1+ Ke8 31. Qe5+ 1-0

[Event "Capablanca Memorial op 56th"]
[Site "Havana"]
[Date "2023.05.03"]
[Round "1"]
[White "Mendez Ramirez, Victor"]
[Black "Cuenca Jimenez, Jose Fernando"]
[Result "0-1"]
[WhiteElo "2202"]
[BlackElo "2553"]
[PlyCount "100"]
[EventDate "2023.05.03"]
[EventType "swiss"]
[EventRounds "9"]
[EventCountry "CUB"]
[SourceTitle "EXT 2024"]
[Source "ChessBase"]
[SourceDate "2023.10.10"]
[SourceVersion "1"]
[SourceVersionDate "2023.10.10"]
[SourceQuality "1"]

1. c4 e6 2. Nf3 Nf6 3. g3 d5 4. d4 Bb4+ 5. Bd2 Be7 6. Bg2 0-0 7. Qc2 c6 8. 0-0 Nbd7 9. Bf4 Ne4 10. Nc3 g5 11. Bc1 f5 12. b3 Bf6 13. Bb2 Qe7 14. Rad1 Qg7 15. Ba1 Nd6 16. Na4 Nf7 17. b4 Nd6 18. cxd5 exd5 19. Nc5 Nb6 20. Nd3 Nbc4 21. Nfe5 Kh8 22. a4 a6 23. Qc1 h5 24. Nxc4 Nxc4 25. Ne5 Nd6 26. f3 Be6 27. Qc2 Bg8 28. e4 fxe4 29. fxe4 dxe4 30. Bxe4 Nxe4 31. Qxe4 Bd5 32. Qg6 Bxe5 33. Qxh5+ Qh7 34. Qxh7+ Kxh7 35. dxe5 Kg6 36. a5 Rae8 37. Bd4 Bb3 38. Rde1 Be6 39. Rf6+ Rxf6 40. exf6 Kf7 41. Kf2 Rh8 42. Kg1 Rd8 43. Re4 g4 44. Kf2 Rh8 45. Ke3 Rxh2 46. Be5 Rh1 47. Kd4 Rc1 48. Rf4 c5+ 49. Ke3 Re1+ 50. Kd3 Rc1 0-1

[Event "Henriquez Urena Memorial 1st"]
[Site "Santo Domingo"]
[Date "2022.09.22"]
[Round "9"]
[White "Mendez Ramirez, Victor"]
[Black "Guzman, Christopher"]
[Result "1/2-1/2"]
[WhiteElo "2153"]
[BlackElo "2252"]
[PlyCount "53"]
[EventDate "2022.09.16"]
[EventType "swiss"]
[EventRounds "9"]
[EventCountry "DOM"]
[SourceTitle "CBM 210 Extra"]
[Source "ChessBase"]
[SourceDate "2022.11.30"]
[SourceVersion "1"]
[SourceVersionDate "2022.11.30"]
[SourceQuality "1"]

1. c4 Nf6 2. g3 e6 3. Bg2 d5 4. Nf3 Be7 5. 0-0 0-0 6. b3 b6 7. Bb2 Bb7 8. d3 c5 9. e3 Nc6 10. Qe2 Qc7 11. Rd1 Rfd8 12. Nbd2 d4 13. e4 Nd7 14. Rf1 e5 15. Ne1 Bd6 16. Bh3 Nf8 17. Ng2 Ng6 18. f3 Rf8 19. Rf2 Nce7 20. Raf1 f5 21. exf5 Nxf5 22. Ne4 Rae8 23. Bc1 Bc8 24. Bg4 Bb7 25. Bh3 Bc8 26. Bg4 Bb7 27. Bh3 1/2-1/2

[Event "Henriquez Urena Memorial 1st"]
[Site "Santo Domingo"]
[Date "2022.09.21"]
[Round "7"]
[White "Cuenca Jimenez, Jose Fernando"]
[Black "Mendez Ramirez, Victor"]
[Result "1/2-1/2"]
[WhiteElo "2553"]
[BlackElo "2153"]
[PlyCount "243"]
[EventDate "2022.09.16"]
[EventType "swiss"]
[EventRounds "9"]
[EventCountry "DOM"]
[SourceTitle "CBM 210 Extra"]
[Source "ChessBase"]
[SourceDate "2022.11.30"]
[SourceVersion "1"]
[SourceVersionDate "2022.11.30"]
[SourceQuality "1"]

1. d4 d5 2. c4 c6 3. Nf3 Nf6 4. e3 a6 5. b3 Bg4 6. Be2 e6 7. 0-0 Nbd7 8. Bb2 Bd6 9. Nbd2 Qb8 10. h3 Bh5 11. Nh4 Bxe2 12. Qxe2 0-0 13. c5 Be7 14. Nhf3 b6 15. cxb6 Qxb6 16. e4 dxe4 17. Nxe4 Nxe4 18. Qxe4 Nf6 19. Qc2 Rac8 20. Rac1 Rfd8 21. Qe2 Qb5 22. Rc4 Nd5 23. Qe4 Nb6 24. Rc2 Qd5 25. Qg4 Nd7 26. Rfc1 Bd6 27. h4 h6 28. Nd2 a5 29. g3 Be7 30. Qf3 Nb8 31. Rc4 Bb4 32. Bc3 Qxf3 33. Nxf3 Bxc3 34. R1xc3 Rd5 35. Kf1 Rcd8 36. Ke2 f6 37. Rc5 Kf7 38. Rxd5 Rxd5 39. Ke3 Ke7 40. Rc4 Kd7 41. Ne1 Na6 42. Nd3 g5 43. hxg5 hxg5 44. Rc1 Kd6 45. Nb2 Rb5 46. Rh1 c5 47. Nc4+ Kc6 48. dxc5 Kxc5 49. Rh7 a4 50. bxa4 Rb4 51. Nd2 f5 52. a5 Ra4 53. Re7 Kd6 54. Rb7 Nc5 55. Rb2 Kd5 56. Rc2 Ra3+ 57. Ke2 Ra4 58. Nf3 Ne4 59. Kf1 Rxa5 60. Ne1 g4 61. Nd3 Kd4 62. Nc1 Ra6 63. Ke2 Nc3+ 64. Kd2 Ne4+ 65. Ke1 Ra8 66. Rc7 Rh8 67. Rd7+ Kc3 68. Rc7+ Kb2 69. Ke2 Rh2 70. Nd3+ Kxa2 71. Ke3 Rg2 72. Rc6 Nxg3 73. fxg3 Rxg3+ 74. Ke2 Rg2+ 75. Kf1 Rd2 76. Ne5 g3 77. Rxe6 Rf2+ 78. Kg1 f4 79. Rf6 Kb3 80. Nd3 Rd2 81. Nxf4 Kc4 82. Rg6 g2 83. Nxg2 Kc5 84. Kh2 Kb5 85. Kg3 Kb4 86. Kf3 Kb5 87. Ke3 Rd1 88. Nf4 Kc4 89. Rc6+ Kb5 90. Rc8 Re1+ 91. Kd4 Rd1+ 92. Nd3 Kb6 93. Rc3 Rh1 94. Kd5 Rd1 95. Kd4 Rd2 96. Kd5 Rd1 97. Kd6 Kb5 98. Ke5 Rh1 99. Nf4 Kb4 100. Rc7 Re1+ 101. Kd6 Rd1+ 102. Nd5+ Kb3 103. Rc3+ Kb2 104. Rg3 Rd2 105. Kc5 Rh2 106. Nb6 Kc2 107. Nc4 Rh8 108. Nd6 Rh1 109. Ne4 Rh2 110. Kc4 Rh4 111. Rg2+ Kc1 112. Kd4 Rh8 113. Nc5 Kd1 114. Ra2 Ke1 115. Ne4 Kf1 116. Ke3 Re8 117. Rh2 Kg1 118. Rh4 Kg2 119. Rg4+ Kf1 120. Rg7 Re6 121. Kf3 Re8 122. Rg6 1/2-1/2

[Event "DOM-ch"]
[Site "Santo Domingo"]
[Date "2022.02.25"]
[Round "5"]
[White "Mendez Ramirez, Victor"]
[Black "Feliz Dotel, Dewar Bienvenido"]
[Result "1-0"]
[WhiteElo "2159"]
[BlackElo "2067"]
[PlyCount "107"]
[EventDate "2022.02.18"]
[EventType "swiss"]
[EventRounds "11"]
[EventCountry "DOM"]
[SourceTitle "EXT 2023"]
[Source "ChessBase"]
[SourceDate "2022.10.05"]
[SourceVersion "1"]
[SourceVersionDate "2022.10.05"]
[SourceQuality "1"]

1. c4 Nf6 2. Nc3 e5 3. g3 Bc5 4. Bg2 d6 5. e3 Nc6 6. Nge2 Qe7 7. Nd5 Nxd5 8. cxd5 Nb8 9. 0-0 c6 10. d4 exd4 11. Nxd4 Bd7 12. Qb3 Bb6 13. a4 0-0 14. a5 Bxd4 15. Qxb7 cxd5 16. Bxd5 Bc5 17. b4 Bxb4 18. Qxb4 Bc6 19. Rd1 Na6 20. Qd4 Bxd5 21. Qxd5 Rfd8 22. Ba3 Nc5 23. Rac1 h6 24. Rc4 Rab8 25. Rcd4 Qc7 26. Bb4 Ne6 27. Rc4 Nc5 28. Rdc1 Rb5 29. Rd1 Rbb8 30. Qd2 Qc6 31. Qc2 Qf3 32. Rf4 Qh5 33. Rf5 Qg6 34. Bxc5 dxc5 35. Rxd8+ Rxd8 36. Rxc5 Qg4 37. Kg2 Qb4 38. a6 g6 39. Rc8 Qd6 40. Rxd8+ Qxd8 41. Qc6 Qe7 42. h4 h5 43. e4 Kh7 44. Qb7 Qe6 45. Qxa7 g5 46. hxg5 h4 47. Qb7 hxg3 48. Kxg3 Qe5+ 49. Kf3 Qc3+ 50. Kg2 Qg7 51. Qe7 Qg6 52. a7 Qh5 53. Kg3 Qg6 54. a8Q 1-0

[Event "DOM-ch"]
[Site "Santo Domingo"]
[Date "2021.05.14"]
[Round "5"]
[White "Camacho Campusano, David Daniel"]
[Black "Mendez Ramirez, Victor"]
[Result "0-1"]
[WhiteElo "2199"]
[BlackElo "2111"]
[PlyCount "54"]
[EventDate "2021.05.07"]
[EventType "swiss"]
[EventRounds "11"]
[EventCountry "DOM"]
[SourceTitle "CBM 203 Extra"]
[Source "ChessBase"]
[SourceDate "2021.09.30"]
[SourceVersion "1"]
[SourceVersionDate "2021.09.30"]
[SourceQuality "1"]

1. e4 e6 2. d4 d5 3. Nc3 Nf6 4. e5 Nfd7 5. f4 b6 6. Nf3 Be7 7. Bd3 Ba6 8. Ne2 c5 9. c3 Bxd3 10. Qxd3 c4 11. Qc2 f5 12. b3 b5 13. a4 cxb3 14. Qxb3 bxa4 15. Qxa4 0-0 16. Ba3 Nb6 17. Qb5 Nc4 18. Bxe7 Qxe7 19. 0-0 a5 20. Qc5 Qd7 21. Rfb1 a4 22. Nc1 Ra5 23. Qb4 Nc6 24. Qb7 Qe8 25. Nd3 Rf7 26. Nc5 Rxb7 27. Nxb7 Ra8 0-1

[Event "DOM-ch"]
[Site "Santo Domingo"]
[Date "2021.05.09"]
[Round "4"]
[White "Sanchez Castillo, Jose Rafael"]
[Black "Mendez Ramirez, Victor"]
[Result "0-1"]
[WhiteElo "2162"]
[BlackElo "2111"]
[PlyCount "50"]
[EventDate "2021.05.07"]
[EventType "swiss"]
[EventRounds "11"]
[EventCountry "DOM"]
[SourceTitle "CBM 203 Extra"]
[Source "ChessBase"]
[SourceDate "2021.09.30"]
[SourceVersion "1"]
[SourceVersionDate "2021.09.30"]
[SourceQuality "1"]

1. d4 Nf6 2. c4 b6 3. Nc3 Bb7 4. f3 d5 5. cxd5 Nxd5 6. e4 Nxc3 7. bxc3 e5 8. Bb5+ c6 9. Bc4 exd4 10. cxd4 Bb4+ 11. Bd2 Qxd4 12. Bxb4 Qxc4 13. Qd6 Qe6 14. Qc7 Bc8 15. Rd1 Nd7 16. Rd6 Qc4 17. Bd2 c5 18. Ne2 0-0 19. Nf4 f6 20. Qc6 Rb8 21. Nd5 Ne5 22. Ne7+ Kf7 23. Qc7 Rb7 24. Rxf6+ gxf6 25. Nxc8+ Rxc7 0-1

[Event "La Vega op 3rd"]
[Site "La Vega"]
[Date "2019.08.23"]
[Round "6"]
[White "Mendez Ramirez, Victor"]
[Black "Camacho Campusano, David Daniel"]
[Result "1/2-1/2"]
[WhiteElo "2056"]
[BlackElo "2196"]
[PlyCount "101"]
[EventDate "2019.08.20"]
[EventType "swiss"]
[EventRounds "9"]
[EventCountry "DOM"]
[SourceTitle "EXT 2020"]
[Source "ChessBase"]
[SourceDate "2019.10.17"]
[SourceVersion "1"]
[SourceVersionDate "2019.10.17"]
[SourceQuality "1"]

1. c4 e5 2. Nc3 Nc6 3. Nf3 g6 4. d4 Bg7 5. d5 Nce7 6. e4 d6 7. Be2 Nh6 8. Bd2 f6 9. Qc1 Nf7 10. h4 Bg4 11. Ng1 Bxe2 12. Ngxe2 f5 13. h5 f4 14. hxg6 hxg6 15. Rxh8+ Bxh8 16. Qc2 Qd7 17. 0-0-0 g5 18. Kb1 a6 19. Qd3 Ng6 20. Rh1 Ke7 21. g3 Bf6 22. Qf3 Rg8 23. b4 b6 24. Nc1 Kf8 25. Nb3 Be7 26. Qe2 Kg7 27. Qd3 Qc8 28. Bc1 Rh8 29. Rxh8 Qxh8 30. c5 bxc5 31. bxc5 Qh2 32. cxd6 cxd6 33. Nd1 Qg1 34. Kc2 Qg2 35. Bd2 Bd8 36. Kc1 Kh6 37. Be1 fxg3 38. fxg3 Qxa2 39. Nb2 a5 40. Kc2 Qa3 41. Qb5 a4 42. Nxa4 Qa2+ 43. Nb2 Qa7 44. Qf1 Kg7 45. Qf2 Bb6 46. Qe2 Bd4 47. Bc3 Qc7 48. Nc4 Bxc3 49. Kxc3 Ne7 50. Nba5 Qc5 51. Qe3 1/2-1/2